Copia de un capítulo de las constituciones de San Juan de Cabero hechas por don Juan Roa de Ávila, Prior del dicho convento

Detalles Bibliográficos
Otros Autores: Juan Rúa de Ávila
Formato: Libro
Publicado: s.l., 1592
Colección:Banco de datos
Acervo:Biblioteca Palafoxiana. Colección de Manuscritos
Descripción Física:2 f. ; 21 x 30 cm.
LEADER 00437nam a22001330004500
035 |a 1353 
245 1 0 |a Copia de un capítulo de las constituciones de San Juan de Cabero hechas por don Juan Roa de Ávila, Prior del dicho convento 
260 |a s.l., 1592 
300 |a 2 f. ; 21 x 30 cm. 
700 1 |a Juan Rúa de Ávila 
949 |a 32280/108 
942 |c PALAMANU 
943 |g Biblioteca Palafoxiana. Colección de Manuscritos 
999 |c 1069298  |d 1069298